MARC

LEADER 00000nam0a2200000 4500
001 162861
005 20231031160557.0
010 |a 5335007036 
020 |a RU  |b 92-486 
035 |a (RuTPU)RU\TPU\book\176648 
090 |a 162861 
100 |a 20090629d1991 m y0rusy5003 ca 
101 0 |a rus 
102 |a UA 
105 |a a z 001zy 
200 1 |a Проектирование матричных сверхбольших интегральных схем  |f С. А. Михайлов 
210 |a Киев  |c Тэхника  |d 1991 
215 |a 143 с.  |c ил. 
320 |a Библиогр.: с. 134-139. 
610 1 |a Микроэлектронные схемы сверхбольшие - Проектирование 
610 1 |a СБИС 
610 1 |a сверхбольшие интегральные схемы 
610 1 |a построение 
610 1 |a производство 
610 1 |a алгоритмическое обеспечение 
610 1 |a программное обеспечение 
610 1 |a проектирование 
675 |a 681.527  |z rus 
700 1 |a Михайлов  |b С. А.  |g Сергей Анатольевич  |4 070 
801 0 |a RU  |b RuMRKP  |c 19950417  |g psbo 
801 1 |a RU  |b 63413507  |c 20090629  |g PSBO 
801 2 |a RU  |b 63413507  |c 20130827  |g PSBO 
942 |c BK